000 00268nam a2200109Ia 4500
008 230907s9999||||xx |||||||||||||| ||und||
082 _a5.73
_bLAN
245 0 _aData structures using C and C++ /
260 _aPearson,
_bNoida :
_c2019
300 _a672 p.
942 _cBK
999 _c601331
_d601331